LIBRARY ONLINE CATALOGUE

Thriving on chaos : (Record no. 19787)

MARC details
000 -LEADER
fixed length control field 00720pam a2200253 a 4500
001 - CONTROL NUMBER
control field 1007249
003 - CONTROL NUMBER IDENTIFIER
control field OSt
005 - DATE AND TIME OF LATEST TRANSACTION
control field 20221108122526.0
008 - FIXED-LENGTH DATA ELEMENTS--GENERAL INFORMATION
fixed length control field 870812s1987 nyua b 001 0 eng
010 ## - LIBRARY OF CONGRESS CONTROL NUMBER
LC control number 87045575
020 ## - INTERNATIONAL STANDARD BOOK NUMBER
International Standard Book Number 0060971843
040 ## - CATALOGING SOURCE
Original cataloging agency DLC
Transcribing agency DLC
Modifying agency DLC
043 ## - GEOGRAPHIC AREA CODE
Geographic area code n-us---
050 00 - LIBRARY OF CONGRESS CALL NUMBER
Classification number HD70
Item number .P48 1987
100 1# - MAIN ENTRY--PERSONAL NAME
Personal name Peters, Thomas J.
245 10 - TITLE STATEMENT
Title Thriving on chaos :
Remainder of title handbook for a management revolution /
Statement of responsibility, etc. Tom Peters.
260 ## - PUBLICATION, DISTRIBUTION, ETC. (IMPRINT)
Place of publication, distribution, etc. New York :
Name of publisher, distributor, etc. Knopf :
Date of publication, distribution, etc. 1987.
300 ## - PHYSICAL DESCRIPTION
Extent xiv, 708 p. :
500 ## - GENERAL NOTE
General note Includes index.
504 ## - BIBLIOGRAPHY, ETC. NOTE
Bibliography, etc Bibliography: p. 527-537.
650 #0 - SUBJECT ADDED ENTRY--TOPICAL TERM
Topical term or geographic name as entry element Industrial management
Geographic subdivision United States.
906 ## - LOCAL DATA ELEMENT F, LDF (RLIN)
a 7
b cbc
c orignew
d 1
e ocip
f 19
g y-gencatlg
942 ## - ADDED ENTRY ELEMENTS (KOHA)
Source of classification or shelving scheme Library of Congress Classification
Koha item type General Collection
Holdings
Withdrawn status Lost status Source of classification or shelving scheme Not for loan Home library Current library Date acquired Cost, normal purchase price Total Checkouts Full call number Barcode Date last seen Date last checked out Price effective from Koha item type
    Library of Congress Classification   Kabarak, Main Campus Kabarak, Main Campus 08/11/2022 4920.00 1 HD70 .P48 1987 c.1 032372 02/08/2024 11/06/2024 08/11/2022 General Collection